000 01614nam a22002297a 4500
003 OSt
005 20210302144657.0
008 210302s1989 ck ||||frl||| 001 0 spa d
020 _a8489210358
040 _aCO-JMCR
_cCO-JMCR
041 0 _aspa
082 0 4 _a346.861023 /
_bB715p
_223
100 1 _aBonivento Fernández, José Alejandro,
_eautor
_914256
245 1 4 _aLos principales contratos civiles :
_by su paralelo con los comerciales /
_cJosé Alejandro Bonivento Fernández
250 _aOctava edición
260 _aBogotá :
_bEdiciones Librería del Profesional,
_c1989
300 _a621 páginas ;
_c24 cm.
500 _aIncluye índice alfabético y de materias.
520 3 _aNo se puede ocultar la valoración e importancia conceptual del Código Civil Colombiano, obra inmensa del ilustre hombre de América, Don Andrés Bello. Sin embargo las reglas deben adecuarse más a la conducta humana y a la estructura social existente. Se impone la necesidad de cambio de principios y preceptos para imprimirle a nuestro ordenamiento civil, conceptos modernos y aprovechar, consiguientemente, la experiencia jurídica después de cien años de vigencia. El inmovilismo jurídico es inconveniente. De aquí que aspiremos, sin incurrir en sacrilegio alguno, a una reforma integrada del Código Civil conservando su estilo que, ciertamente, es intocable, pero modificando determinadas construcciones sustanciales. Es una incursión ya inevitable. Es el dictamen de una realidad social. Es una exigencia normativa impostergable.
650 1 4 _aContratos
_xlegislación
_zColombia
_98894
942 _2ddc
_cBK
999 _c7414
_d7414